| 000 | 01078cam a2200313 4500 | ||
|---|---|---|---|
| 001 | ABS64442 | ||
| 008 | 010820n2001 000 0 eng u | ||
| 035 | _a(Sirsi) u114196 | ||
| 100 | _aBartlett, G | ||
| 245 | _aAspects of fairness | ||
| 260 | _c2001 | ||
| 490 |
_aIRRV Insight _v July 2001, 14-15(2) |
||
| 520 | _aDiscusses the future of rating which needs to be seen as fair if it is to continue. Lists the principalaspects of fairness in rating and considers how fairness is applied in rating issues. | ||
| 590 | _aABS | ||
| 650 | _aPOOR RELIEF ACT 1601 | ||
| 650 | _aGENERAL RATE ACT 1967 | ||
| 650 | _aPAROCHIAL ASSESSMENT ACT 1836 | ||
| 650 | _aLOCAL GOVERNMENT FINANCE ACT 1988 SCH 6 PARA 2 | ||
| 650 | _aHEREDITAMENTS | ||
| 650 | _aWILLIAMS (VO) V SCOTTISH AND NEWCASTLE BREWERIES LTD | ||
| 650 | _aRATEABLE VALUE | ||
| 650 | _aLANDS TRIBUNAL ACT 1949 | ||
| 650 | _aRATING APPEALS | ||
| 650 | _aVALUATION TRIBUNALS | ||
| 650 | _aCALGATE CRICKET CLUB V DOYLE (VO) | ||
| 650 | _aFAIRNESS | ||
| 690 | _aRATING AND LOCAL TAXATION | ||
| 942 | _n0 | ||
| 999 |
_c68031 _d68031 |
||